| 000 | 00755nam a2200241 4500 | ||
|---|---|---|---|
| 001 | 44883 | ||
| 010 | _a9789895557714 | ||
| 021 | _b328902/11 | ||
| 090 | _a44883 | ||
| 100 | _a20111229d2011 m y0pory5003 ba | ||
| 101 | 0 | _apor | |
| 102 | _aPT | ||
| 200 | 1 |
_aAna Kelly _euma saga de amor e coragem _fÂngela Leite _g[pref. Pedro Calheiro] _grev. Silvina de Sousa |
|
| 205 | _a1.ª ed. | ||
| 210 | 9 |
_aAlfragide _cOficina do Livro, _d2011 |
|
| 215 |
_a298 p. _d24 cm |
||
| 675 |
_a821.134.3-31"20" _vBN _zpor |
||
| 700 | 1 |
_aLeite, _bÂngela |
|
| 702 | 1 |
_aCalheiros, _bPedro, _f1949- _4080 |
|
| 702 | 1 |
_aSousa, _bSilvina de _4675 |
|
| 801 | 0 |
_aPT _bBN _gRPC |
|
| 856 | 4 | 1 | _uhttp://rnod.bnportugal.gov.pt/ImagesBN/winlibimg.aspx?skey=&doc=1799137&img=4029&save=true |
| 990 | _cLIVROS | ||